000 00327nam a22001217a 4500
020 _a0552148539
082 _a813.54
_bSTE
100 _aSteel, Danielle; Quijada, Encarna
245 _aThe cottage /
_cDanielle Steel
260 _aGreat Britain :
_bA Corgi Book,
_c2003.
300 _a426 p. ;
_c18 cm.
942 _2ddc
_cBK
999 _c593346
_d593346